Riconosci il Pokémon - Quiz n°62 - Statistics

Statistiche generali
  • Questo quiz è stato fatto 5 volte
  • Il punteggio medio è 6 su 10
Statistiche sulle risposte
Indizio Risposta % Corretto
Generazione Nona
100%
Tipo Veleno / Folletto
100%
Abilità Catena Tossica; Tecnico
75%
Stadio evoluzione Non si evolve
75%
Sesso 100% ♂
50%
Altezza 1,4 m
50%
Peso 30,1 kg
50%
Tasso di cattura 3 (1.6%)
50%
Tasso di allevamento Lento
50%
Pokémon Fezandipiti
25%
Nessun quiz corrispondente trovato
Distribuzione punteggi
Percentuale di utenti per punteggio
Percentile per numero di risposta
I tuoi punteggi nel tempo
Non hai fatto questo quiz